| 000 | 00775nam a2200205 i 4500 | ||
|---|---|---|---|
| 001 | 151954 | ||
| 003 | ES-MaACL | ||
| 005 | 20250729062629.0 | ||
| 008 | 931025s1877 sp |||| | spa d | ||
| 100 | 1 |
_aBernal, Calixto, _d1804-1886 _928175 |
|
| 245 | 1 | 0 |
_aTratado politico _b: el derecho : teoría y aplicación del derecho y la autoridad / _cCalixto Bernal. |
| 260 |
_aMadrid : _b[s.n.], _c1877 ( _fImp. de M. Minuesa de los Rios) |
||
| 300 |
_a399 p. ; _c24 cm. |
||
| 650 | 7 |
_aPolítica _2embne _9140345 |
|
| 852 |
_aES-MaACL _jA-14003 _9157449 _bR.151332 _cDEPO1 _dOlim: N-7003 _hDonación: Real Academia Española |
||
| 914 |
_aReal Academia Española _96336 _ednr |
||
| 942 |
_2udc _cMONOGRAFIA |
||
| 999 |
_c151954 _d151954 |
||